[Event "Rhein Main op 12th"]
[Site "Bad Homburg"]
[Date "2009.06.14"]
[Round "7"]
[White "Schreiner, Roland"]
[Black "Reis, Nurettin"]
[Result "1-0"]
[WhiteElo "2153"]
[BlackElo "1919"]
[PlyCount "65"]
[EventDate "2009.06.10"]
[EventType "swiss"]
[EventRounds "7"]
[EventCountry "GER"]
[SourceTitle "CBM 131 Extra"]
[Source "ChessBase"]
[SourceDate "2009.09.03"]
[SourceVersion "2"]
[SourceVersionDate "2009.09.16"]
[SourceQuality "1"]

1. d4 Nf6 2. c4 e6 3. Nf3 b6 4. g3 Bb7 5. Bg2 Bb4+ 6. Bd2 Qe7 7. 0-0 Ne4 8. a3 Bxd2 9. Nfxd2 Nxd2 10. Bxb7 Nxf1 11. Kxf1 h5 12. Bxa8 c6 13. d5 exd5 14. cxd5 Qe4 15. Kg1 0-0 16. Nc3 Qg4 17. Qa4 Qxa4 18. Nxa4 b5 19. Nc5 d6 20. Ne4 c5 21. Bc6 Nxc6 22. dxc6 Rc8 23. Nxd6 Rxc6 24. Nxb5 Rb6 25. Nxa7 Rxb2 26. e3 Rb7 27. Nc6 Rc7 28. Ne5 c4 29. Rc1 c3 30. Rc2 g5 31. Nf3 f6 32. Nd4 h4 33. Kg2 1-0

[Event "Kesarovski Georgiev Memorial 7th"]
[Site "Sunny Beach"]
[Date "2008.09.08"]
[Round "1"]
[White "Reis, Nurettin"]
[Black "Pantev, Veselin"]
[Result "0-1"]
[WhiteElo "1987"]
[BlackElo "2380"]
[PlyCount "86"]
[EventDate "2008.09.08"]
[EventType "swiss"]
[EventRounds "9"]
[EventCountry "BUL"]
[SourceTitle "CBM 126 Extra"]
[Source "ChessBase"]
[SourceDate "2008.11.05"]
[SourceVersion "1"]
[SourceVersionDate "2008.11.05"]
[SourceQuality "1"]

1. e4 c5 2. Nf3 Nc6 3. d4 cxd4 4. Nxd4 e5 5. Nb5 d6 6. N1c3 a6 7. Na3 b5 8. Nd5 Nf6 9. Bg5 Be7 10. Bxf6 Bxf6 11. c3 0-0 12. Nc2 Rb8 13. Bd3 Be6 14. Nce3 Bg5 15. 0-0 Ne7 16. Qh5 Nxd5 17. exd5 g6 18. Qf3 Bd7 19. g3 f5 20. Bc2 f4 21. Ng2 fxg3 22. Qxg3 Bf4 23. Nxf4 Rxf4 24. f3 Qf6 25. Rae1 Rf8 26. Be4 Bf5 27. Bxf5 Qxf5 28. Qg2 Rxf3 29. Rxf3 Qxf3 30. Rf1 Qxf1+ 31. Qxf1 Rxf1+ 32. Kxf1 g5 33. b3 Kf7 34. Ke2 h5 35. Kf3 g4+ 36. Kg3 Kf6 37. c4 bxc4 38. bxc4 Kf5 39. Kh4 e4 40. Kg3 e3 41. Kg2 h4 42. Kf1 g3 43. h3 Ke5 0-1